Quiz personnages grey's anatomy - Statistiques

Statistiques générales
  • Ce quiz a été pris 596 fois
  • Le résultat moyen est 18 sur 27
Statistiques - réponses
Par images Réponse % Correct
Meredith Grey
97%
Lexie Grey
94%
Cristina Yang
89%
Jackson Avery
88%
Miranda Bailey
84%
Alex Karev
83%
George O'Malley
83%
Izzie Stevens
83%
Mark Sloan
83%
Richard Webber
80%
April Kepner
79%
Arizona Robbins
79%
Derek Shepherd
79%
Callie Torres
78%
Owen Hunt
78%
Addison Montgomery
76%
Jo Wilson
75%
Amelia Shepherd
69%
Andrew DeLuca
64%
Teddy Altman
61%
Preston Burke
59%
Stéphanie Edwards
42%
Tom Koracick
32%
Levi Schmitt
26%
Magie Pierce
26%
Heather Brooks
19%
Richard Flood
0%
Aucun quiz correspondant
Distribution des résultats
% des personnes avec chaque résultat
Percentile par nombre de réponses
Votre historique - résultats
Vous n’avez pas pris ce quiz